LIBRARY & INFORMATION CENTRE, KCAET, TAVANUR

ONLINE PUBLIC ACCESS CATALOGUE (OPAC)

Bhaktikavyamem mathurya bhav ka swaroop / (Record no. 8170)

MARC details
000 -LEADER
fixed length control field 00421cam a2200169ua 4500
041 ## - LANGUAGE CODE
Language code of text/sound track or separate title hin
082 ## - DEWEY DECIMAL CLASSIFICATION NUMBER
Classification number 891.54
Item number JAY/BH
100 ## - MAIN ENTRY--AUTHOR NAME
Personal name Jayant, Nalin .
245 ## - TITLE STATEMENT
Title Bhaktikavyamem mathurya bhav ka swaroop /
260 ## - PUBLICATION, DISTRIBUTION, ETC. (IMPRINT)
Place of publication :
Name of publisher Bansal and company ,
Year of publication 1966.
300 ## - PHYSICAL DESCRIPTION
Number of Pages 283 ; .
942 ## - ADDED ENTRY ELEMENTS (KOHA)
Koha item type Books
Holdings
Withdrawn status Lost status Damaged status Home library Current library Date acquired Full call number Accession Number Koha item type
Withdrawn     KAUAET Sanskrit University 07/04/2012 891.54 9668 Books
free website counter